| 000 | 00631nam a2200181 i 4500 | ||
|---|---|---|---|
| 001 | 65655 | ||
| 003 | ES-MaACL | ||
| 005 | 20230906165432.0 | ||
| 007 | t| | ||
| 008 | 040120s1934 sp ||||1| spa d | ||
| 100 | 1 |
_aFrobenius, Leo ( _d1873-1938) _952709 |
|
| 245 | 1 | 3 |
_aLa cultura como ser viviente _b: contornos de una doctrina cultural y psicológica / _cde Leo Frobenius ; traducción del alemán por Máximo José Kahn. |
| 250 | _a4ª ed. con un nuevo prólogo. | ||
| 260 |
_aMadrid : _bEspasa-Calpe, _c1934. |
||
| 300 |
_a282 p. ; _c20 cm. |
||
| 700 | 1 |
_aKahn, Máximo José. _967424 |
|
| 852 |
_aES-MaACL _jF-15304 _bR.19032 |
||
| 999 |
_c65655 _d65655 |
||